Novel method for preparation of carboxylated nitrile rubber-natural rubber blends using bis(diisopropyl) thiophosphoryl polysulfides (Record no. 64099)

MARC details
000 -LEADER
fixed length control field 00542nam a2200169Ia 4500
100 ## - MAIN ENTRY--AUTHOR NAME
Personal name Naskar N
245 #0 - TITLE STATEMENT
Title Novel method for preparation of carboxylated nitrile rubber-natural rubber blends using bis(diisopropyl) thiophosphoryl polysulfides
260 ## - PUBLICATION, DISTRIBUTION, ETC. (IMPRINT)
Name of publisher Journal of Applied Polymer Science
Year of publication 2001
300 ## - PHYSICAL DESCRIPTION
Number of Pages 1725-36
500 ## - GENERAL NOTE
General note Source Year: 2001
650 ## - SUBJECT ADDED ENTRY--TOPICAL TERM
Topical Term Carboxylated nitrile rubber
700 ## - ADDED ENTRY--PERSONAL NAME
Personal name Basu D K
700 ## - ADDED ENTRY--PERSONAL NAME
Personal name Debnath S C
856 ## - ELECTRONIC LOCATION AND ACCESS
Uniform Resource Identifier RAPRA. 38(8)
942 ## - ADDED ENTRY ELEMENTS (KOHA)
Koha item type Journals
Holdings
Withdrawn status Lost status Damaged status Not for loan Home library Current library Shelving location Date acquired Serial Enumeration / chronology Koha item type
      Journals RRII Library RRII Library Rubber chemistry 27/11/2001 Volume 80, Issue 10 Journals